Logo BPK

Biblioteka

Politechniki Koszalińskiej

Format MARC 21 rekordu bibliograficznego dla dokumentu elektronicznego / (Rekord nr 43917)

Szczegóły MARC
000 -ETYKIETA REKORDU
podpole kontrolne o stałej długości 01209nam a2200313 i 4500
001 - NUMER KONTROLNY REKORDU
pole kontrolne bg
020 ## - MIĘDZYNARODOWY ZNORMALIZOWANY NUMER KSIĄŻKI - ISBN
ISBN 8389316064
040 ## - ŹRÓDŁO KATALOGOWANIA
Instytucja, która utworzyła rekord BPK
041 0# - KOD JĘZYKA
Kod języka tekstu pol
080 ## - UNIWERSALNA KLASYFIKACJA DZIESIĘTNA - UKD
UKD 086::004.085:002:025.3:004](083.1)
920 ## - Międzynarodowy znormalizowany numer książki – ISBN
ISBN 83-89316-06-4
008 - POLE O STAŁEJ DŁUGOŚCI - DANE KONTROLNE
podpole kontrolne o stałej długości s pl f |000 0 pol
100 1# - NAZWA OSOBOWA
Nazwa osobowa SANETRA, Krystyna
Daty związane z nazwą (1951- )
245 10 - TYTUŁ/ODPOWIEDZIALNOŚĆ
Tytuł Format MARC 21 rekordu bibliograficznego dla dokumentu elektronicznego /
Pozostałe elementy strefy tytułu i oznaczenia odpowiedzialności Krystyna Sanetra ; Stowarzyszenie Bibliotekarzy Polskich, Centrum NUKat Biblioteki Uniwersyteckiej w Warszawie.
246 11 - WARIANT TYTUŁU
Tytuł MARC 21 format for bibliographic data: computer files
260 ## - STREFA ADRESU WYDAWNICZEGO
Miejsce wydania Warszawa :
Nazwa wydawcy/dystrybutora Wydaw. SBP,
Data publikacji, dystrybucji/powstania dokumentu 2003.
300 ## - STREFA OPISU FIZYCZNEGO
Objętość 222 s. ;
Rozmiary 24 cm.
490 1# - STREFA SERII I DOKUMENTU WIELOCZĘŚCIOWEGO - FORMA NIE DO WYSZUKIWANIA
Tytuł i oznaczenie odpowiedzialności serii Formaty, Kartoteki ;
Numeracja w obrębie serii 12
500 ## - UWAGI OGÓLNE
Tekst uwagi Tyt. równol.: MARC 21 format for bibliographic data: computer files.
504 ## - UWAGA DOTYCZĄCA BIBLIOGRAFII
Informacje o bibliografii Bibliogr.
650 #9 - HASŁO PRZEDMIOTOWE W FORMIE NAZWY OGÓLNEJ LUB JEDNOSTKOWEJ
Nazwa ogólna lub geograficzna MARC
Określnik geograficzny Polska
650 #9 - HASŁO PRZEDMIOTOWE W FORMIE NAZWY OGÓLNEJ LUB JEDNOSTKOWEJ
Nazwa ogólna lub geograficzna Dokumenty elektroniczne
Określnik ogólny opis bibliograficzny
Określnik geograficzny Polska
655 ## - TERMIN INDEKSOWY - OKREŚLENIE RODZAJU/FORMY DOKUMENTU
Określenie rodzaju/formy dokumentu Instrukcje
710 #0 - HASŁO DODATKOWE - NAZWA CIAŁA ZBIOROWEGO
Nazwa ciała zbiorowego lub jednostki geograficznej Stowarzyszenie Bibliotekarzy Polskich
710 #0 - HASŁO DODATKOWE - NAZWA CIAŁA ZBIOROWEGO
Nazwa ciała zbiorowego lub jednostki geograficznej Centrum NUKat
830 ## - HASŁO DODATKOWE SERII LUB DOKUMENTU WIELOCZĘŚCIOWEGO - TYTUŁ UJEDNOLICONY
Tytuł ujednolicony Formaty, Kartoteki ;
856 ## - LOKALIZACJA I DOSTĘP DO ELEKTRONICZNYCH DOKUMENTÓW ZDALNYCH
Link (URL) http://koha.tu.koszalin.pl/cgi-bin/koha/opac-detail.pl?biblionumber=43917
Tekst linku Katalog online BPK
942 ## - DODATKOWE ELEMENTY (KOHA)
Typ dokumentu Książka
Egzemplarze
Wycofany Status egzemplarza Uszkodzony Dostępność Lokalizacja stała Lokalizacja bieżąca Miejsce przechowywania Sygnatura Kod kreskowy Typ dokumentu Uwaga przeznaczona na użytek publiczny
      Tylko na miejscu Biblioteka Politechniki Koszalińskiej Biblioteka Politechniki Koszalińskiej Zbiory Wewnętrzne 70428 02153612 Książka D22
© 2023 Biblioteka Politechniki Koszalińskiej :: KOHA